|
|
|
|
| LEADER |
00769naa a2200181 i 4500 |
| 001 |
acta67730 |
| 005 |
20260224081030.0 |
| 008 |
200421s2007 hu o 000 hun d |
| 020 |
|
|
|a 978-963-9573-39-0
|
| 040 |
|
|
|a SZTE Egyetemi Kiadványok Repozitórium
|b hun
|
| 041 |
|
|
|a hun
|
| 100 |
1 |
|
|a Balog Éva
|
| 245 |
1 |
0 |
|a Katona Tamás műveinek bibliográfiája
|h [elektronikus dokumentum] /
|c Balog Éva
|
| 260 |
|
|
|c 2007
|
| 300 |
|
|
|a 539-543
|
| 490 |
0 |
|
|a A források bűvöletében : ünnepi tanulmányok Katona Tamás 75. születésnapjára
|
| 695 |
|
|
|a Magyarország története - 1848-1849, Szabadságharc - magyar - 1848-1849, Történettudomány - magyar - bibliográfia
|
| 856 |
4 |
0 |
|u http://acta.bibl.u-szeged.hu/67730/1/2007_forrasok_buvoleteben_539-543.pdf
|z Dokumentum-elérés
|